ბათუმის შოთა რუსთაველის სახელმწიფო უნივერსიტეტის ბიბლიოთეკა

ხუმრობის გარეშე : (ბიბ.ჩანაწერი № 40945)

000 -ლიდერი
ფიქსირებული სიგრძის საკონტროლო ველი 01168nam a2200217Ia 4500
001 - საკონტროლო ნომერი
საკონტროლო ველი 7592
003 - საკონტროლო ნომრის იდენტიფიკატორი
საკონტროლო ველი GE_BSU
005 - ბოლო ოპერაციის თარიღი და დრო
საკონტროლო ველი 20231225162118.0
008 - ფიქსირებული სიგრძის მონაცემთა ელემენტები - ზოგადი ინფორმაცია
ფიქსირებული სიგრძის საკონტროლო ველი 181216s1951||||ge |||||||||||||| ||geo||
040 ## - კატალოგიზაციის წყარო
Transcribing agency GE_BSU
041 ## - ენის კოდი
Language code of text/sound track or separate title geo
080 ## - უნივერსალური ათობითი კლასიფიკაციის ინდექსი
Universal Decimal Classification number 741.5(479.22) ნ-37
100 ## - მთავარი ჩანაწერი - პიროვნების სახელი
Personal name ნაცვლიშვილი, დ.
9 (RLIN) 20875
245 ## - ცნობა სათაურის შესახებ
Title ხუმრობის გარეშე :
Remainder of title სატირულ-ჰუმორული კრებული /
Statement of responsibility, etc დ. ნაცვლიშვილი ; რედ. ა. ნუცუბიძე ; [ი. გრიშაშვილისა და ვ. წულუკიძის შესავალი წერილი : ქართული კარიკატურა და მხატვარი დონი].
264 ## - წარმოების, გამოცემის, დისტრიბუციის და სხვა ცნობები
გამოცემის, წარმოების, დისტრიბუციის... ადგილი თბილისი :
გამოცემის, წარმოების, დისტრიბუციის... სახელწოდება სახელგამი,
გამოცემის, წარმოების, დისტრიბუციის... თარიღი 1951.
300 ## - ფიზიკური აღწერა
Extent VI, 67 ფურც. :
Other physical details ილ. ;
Dimensions 24 სმ.
653 ## - INDEX TERM--UNCONTROLLED
Uncontrolled term ქართული კარიკატურა
653 ## - INDEX TERM--UNCONTROLLED
Uncontrolled term ქართველი კარიკატურისტები
700 ## - ADDED ENTRY--PERSONAL NAME
Personal name ნუცუბიძე, ა.
Relator term რედაქტორი
9 (RLIN) 20876
942 ## - ADDED ENTRY ELEMENTS (KOHA)
Koha item type წიგნი
Source of classification or shelving scheme
ეგზემპლარები
ჩამოწერის სტატუსი დაკარგული ეგზემპლარის სტატუსი კლასიფიკაციის წყარო ან თაროზე გაწყობის სქემა დაზიანების სტატუსი არ გაიცემა მუდმივი მდებარეობა (დაცვის ადგილი) ამჟამინდელი ადგილსამყოფელი თაროზე განთავსების ადგილი შეძენის თარიღი ღირებულება, შესყიდვის ნორმალური ფასი სრული შენახვის შიფრი შტრიხკოდი ბოლო ოპერაციის თარიღი ეგზემპლარის მიმდევრობითი ნომერი (კეტერი?) ფასის ძალაში შესვლის თარიღი ეგზემპლარის სახეობა საჯარო შენიშვნა
          ბათუმის შოთა რუსთაველის სახელმწიფო უნივერსიტეტის მთავარი ბიბლიოთეკა ბათუმის შოთა რუსთაველის სახელმწიფო უნივერსიტეტის მთავარი ბიბლიოთეკა წიგნსაცავი 2018-12-17 2.00 741.5(479.22) ნ-37 23461 2018-12-17 23461 2018-12-17 წიგნი 2.00 ₾.
          ბათუმის შოთა რუსთაველის სახელმწიფო უნივერსიტეტის მთავარი ბიბლიოთეკა ბათუმის შოთა რუსთაველის სახელმწიფო უნივერსიტეტის მთავარი ბიბლიოთეკა წიგნსაცავი 2018-12-17 2.00 741.5(479.22) ნ-37 23462 2018-12-17 23462 2018-12-17 წიგნი 2.00 ₾.
          ბათუმის შოთა რუსთაველის სახელმწიფო უნივერსიტეტის მთავარი ბიბლიოთეკა ბათუმის შოთა რუსთაველის სახელმწიფო უნივერსიტეტის მთავარი ბიბლიოთეკა წიგნსაცავი 2018-12-17 2.00 741.5(479.22) ნ-37 23463 2018-12-17 23463 2018-12-17 წიგნი 2.00 ₾.
          ბათუმის შოთა რუსთაველის სახელმწიფო უნივერსიტეტის მთავარი ბიბლიოთეკა ბათუმის შოთა რუსთაველის სახელმწიფო უნივერსიტეტის მთავარი ბიბლიოთეკა წიგნსაცავი 2018-12-17 2.00 741.5(479.22) ნ-37 23464 2018-12-17 23464 2018-12-17 წიგნი 2.00 ₾.
          ბათუმის შოთა რუსთაველის სახელმწიფო უნივერსიტეტის მთავარი ბიბლიოთეკა ბათუმის შოთა რუსთაველის სახელმწიფო უნივერსიტეტის მთავარი ბიბლიოთეკა წიგნსაცავი 2018-12-17 2.00 741.5(479.22) ნ-37 23465 2018-12-17 23465 2018-12-17 წიგნი 2.00 ₾.